000 00656nam a2200169 a 4500
008 120416s1983 ||||||||||||||||| || u
020 _a0898380960
050 _aLC 6256.N2 Dis
100 _aChang, T. M
245 1 0 _aDistance learning: on the design of an open university
260 _aBoston:
_bKluwer-Nijhoff
_c1983
300 _avi, 195p. : ill.
350 _a0.00
650 _aUNIVERSITY EXTENSION--NETHERLANDS--CASE STUDIES
650 _aCOLLEGE TEACHING--NETHERLANDS--CASE STUDIES
995 _D0.00
_FCBU-MAIN LIBRARY (Kitwe)
_H1
_I20.00
_M1
_UAVAILABLE
_ZAnnex Low-Usage Collection
999 _c40336
_d40336